00738nam a22002057a 450000500170000001000150001702000260003203500140005803700090007208200060008110000250008724500390011225000060015126000420015727001140019930000200031394200200033399900190035395201600037220240925121738.0 aENG-141757 a9789355996329c250.00 aEN-125289 bDBAD aN aSharma, Vikas971939 aIdeas and Events/cBy Vikas Sharma a1 aNew DelhibDiamond Pocket Booksc2024 aX- 30, Okhla Industrial Area, Phase-IIbNew Delhie110020mwecare@diamondbooks.ink011-40712100k011-41611861 a192p.c22cm(pb) 2ddccENhNmSHA c205874d205874 001040708NFICaLbLd2024-09-25eDelivery of Books Act Divisiong250.00l1oN SHApEN-125289r2025-08-05 00:00:00s2025-08-01t1v250.00w2024-09-25yEN